La lettura delle carte geografiche

Uloženo v:
Podrobná bibliografie
Hlavní autor: Sestini, Aldo (Autor)
Médium: Kniha
Jazyk:italština
Vydáno: Florencia Felice Le Monnier 1959
Vydání:4a. ed
Témata:
Tagy: Přidat tag
Žádné tagy, Buďte první, kdo vytvoří štítek k tomuto záznamu!

MARC

LEADER 00000cam a2200000 a 4500
001 UCF9392
003 CL-VaPUC
008 131115e19590000it |||||||||||||||||ita|d
082 0 4 |a 912  |b SES  |2 21 
100 0 |a Sestini, Aldo  |e author  |9 571670 
245 1 3 |a La lettura delle carte geografiche 
250 |a 4a. ed 
300 |a 159 p 
942 |c BK 
945 |d 20131115 14:49:00  |a dcastane 
260 |a Florencia  |b Felice Le Monnier  |c 1959 
650 0 |a Cartografía   |9 266055 
650 0 |a Geografía  |9 259346 
650 0 |a Zonas geográficas   |9 353991 
583 |a last modification  |c 20131115 14:49:00  |k Rodrigo Vera 
999 |c 353838  |d 353836